| 000 | 00389 a2200169 4500 | ||
|---|---|---|---|
| 001 | 187580 | ||
| 020 | _a85-262-3746-2 | ||
| 040 | _cMagnum | ||
| 100 | _aShakespeare, William | ||
| 240 | 1 | 0 |
_aMuito barulho por nada _lpor |
| 245 | 1 | 0 | _aMuito barulho por nada |
| 300 | _a111 | ||
| 362 | 0 | _a2003 | |
| 440 | 1 | _aScipione | |
| 697 | _aLITERATURA INFANTO-JUVENIL ESTRANGEIRA | ||
| 942 | _cBK | ||
| 999 |
_c187580 _d187580 |
||